Síntesis y caracterización de compuestos de coordinación con dinitrógeno y ligandos quelatantes / (Record no. 93530)

MARC details
000 -LEADER
campo de control de longitud fija 00600nam a2200169 i 4500
001 - NÚMERO DE CONTROL
campo de control 93530
003 - IDENTIFICADOR DE NÚMERO DE CONTROL
campo de control ES-MaACL
005 - FECHA Y HORA DE LA ÚLTIMA TRANSACCIÓN
campo de control 20230906181243.0
007 - CAMPO FIJO DE DESCRIPCIÓN FÍSICA--INFORMACIÓN GENERAL
campo de control de longitud fija t|
008 - DATOS DE LONGITUD FIJA--INFORMACIÓN GENERAL
campo de control de longitud fija 050413s1983 sp ||||1| spa d
100 1# - ENTRADA PRINCIPAL--NOMBRE DE PERSONA
Nombre de persona López Alcalá, Juan Manuel.
9 (RLIN) 73384
245 10 - MENCIÓN DEL TÍTULO
Título Síntesis y caracterización de compuestos de coordinación con dinitrógeno y ligandos quelatantes /
Mención de responsabilidad, etc. Juan Manuel López Alcalá.
260 ## - PUBLICACIÓN, DISTRIBUCIÓN, ETC.
Lugar de publicación, distribución, etc. Cádiz :
Nombre del editor, distribuidor, etc. Universidad. Servicio de Publicaciones,
Fecha de publicación, distribución, etc. 1983.
300 ## - DESCRIPCIÓN FÍSICA
Extensión 31 p., 2 h. ;
Dimensiones 25 cm.
502 ## - NOTA DE TESIS
Nota de tesis Tesis Univ.de Cádiz (Extracto)
852 ## - LOCALIZACIÓN
Ubicación ES-MaACL
Número de control de estantería 2130-F-10
Sublocalización o colección R.105765
Holdings
Estatus retirado Estado de pérdida Estado de daño No para préstamo Colección Biblioteca de origen Biblioteca actual Ubicación en estantería Fecha de adquisición Fuente de adquisición Total de préstamos Signatura topográfica completa Código de barras Visto por última vez Precio de reemplazo Tipo de ítem Koha
        Colección de folletos Biblioteca del Ateneo de Madrid Biblioteca del Ateneo de Madrid Depósito folletos 17/01/2008     2130-F-10 1097672 23/02/2023 23/02/2023 Folleto